000 00875nam a22002897a 4500
003 CHAP
005 20220329140541.0
008 971013s1953 r 00010 d
010 _a53766
011 _a54738
035 _a58889
040 _cCHAP
082 _a541.38
_bW45
100 0 0 _aWhitehouse, W. J.
_9121734
245 _aRadioactives isotopes, an introduction to their preparation, measurement and use
260 _aOxford :
_bClarendon,
_c1953
300 _a424 p.
590 _aBATCH-UPD
_b10
_c20130110
_lUCH01
_h0253
590 _aBATCH-UPD
_b10
_c20130409
_lUCH01
_h2324
590 _aBATCH-UPD
_b10
_c20130914
_lUCH01
_h1947
590 _aCONVERSION
_b10
_c20130109
_lUCH01
_h1329
650 1 4 _aRadioisótopos.
_993701
700 0 _aPutman, J. L.
_993063
901 _aBK
942 _cLIBRO
949 _a541.38 W45
_bBC
_cLIBRO
_d33724000412094
_eLIBRO
_i58889
_si
999 _c53766
_d53766